00436nam a2200109Ia 4500008004100000100002900041245010600070260004400176300001800220650001900238856006900257160712s9999 xx 000 0 und d aJopson, Teresa Lorena A. cTeresa Lorena A. JopsonaSilent Assault: Multilevel Censorship as Media Repression in the Philippines c2013bPhilippine Social Sciences Review avol. 65 no. 2 xSOCIAL SCIENCE uhttp://journals.upd.edu.ph/index.php/pssr/issue/view/444/showToc